| 000 | 01054nam a22002171a 4500 | ||
|---|---|---|---|
| 999 |
_c12281 _d12281 |
||
| 001 | 12281 | ||
| 003 | OSt | ||
| 005 | 20260204212319.0 | ||
| 008 | 150502s2014||||dr ||||||b||||||||||spa|| | ||
| 090 | _aESP-GCE 2014 E76 | ||
| 100 | 1 |
_aEspinal Ramos, Zunilda _esustentante |
|
| 245 | 1 | _aEquipamiento de sillas en el salón de acto Prof. Jacinto Peña de La Cruz en el Liceo Francisco Cassó del distrito municipal de Caballero, Cotuí / Zunilda Espinal Ramos y Aura Francisca Guzmán de La Cruz ; asesor Prebisterio Lora de la Cruz | |
| 260 |
_aCotuí, República Dominicana : _bUTECO, _c2014 |
||
| 502 | _aTesis (Planificación y Gestión de Centros Educativos)--Universidad Tecnológica del Cibao Oriental, 2014. | ||
| 650 | 4 | _aEquipamiento de sillas en el salón | |
| 700 | 1 |
_aEspinal Ramos, Zunilda _esustentante |
|
| 700 | 1 |
_aGuzmán de La Cruz, Aura Francisca _esustentante |
|
| 700 | 1 |
_aLora de la Cruz, Prebisterio _easesor |
|
| 830 | _aTesis y disertaciones académicas (Universidad Tecnológica del Cibao Oriental) | ||
| 942 |
_2LC _cTH |
||